Statistics for アフリカ地図クイズ

Click here to take the quiz!

General Stats

  • This quiz has been taken 1,574 times
  • The average score is 27 of 54

Answers on the Map

Answers color-coded by a green-red scale on the quiz's map according to % correct below.
 

Answer Stats

Answer% Correct
エジプト
86%
アルジェリア
83%
モロッコ
81%
南アフリカ
73%
チュニジア
71%
リビア
71%
マダガスカル
70%
コンゴ民主共和国
67%
スーダン
66%
ソマリア
65%
エチオピア
63%
レソト
61%
南スーダン
61%
中央アフリカ共和国
59%
チャド
58%
ケニア
57%
コンゴ共和国
56%
ナイジェリア
56%
ガーナ
54%
赤道ギニア
54%
ナミビア
51%
コートジボワール
50%
タンザニア
50%
アンゴラ
50%
モザンビーク
49%
マリ
49%
ジブチ
49%
エスワティニ
49%
エリトリア
49%
ニジェール
47%
トーゴ
46%
ウガンダ
46%
ルワンダ
45%
ジンバブエ
44%
カメルーン
44%
ボツワナ
44%
ザンビア
40%
ブルンジ
40%
ガボン
38%
モーリタニア
38%
セネガル
38%
ブルキナファソ
37%
マラウイ
37%
ギニア
37%
ギニアビサウ
36%
シエラレオネ
36%
リベリア
36%
ベナン
36%
サントメ・プリンシペ
34%
ガンビア
33%
モーリシャス
32%
カーボベルデ
30%
セーシェル
29%
コモロ
28%

Score Distribution

Percentile by Number Answered

Percent of People with Each Score

Your Score History

You have not taken this quiz